Normal view
MARC view
- Jamia Millia Islamia (India).
Entry Corporate Name
001 - CONTROL NUMBER
- control field: 5701
003 - CONTROL NUMBER IDENTIFIER
- control field: NUST
005 - DATE AND TIME OF LATEST TRANSACTION
- control field: 20171027160719.0
008 - FIXED-LENGTH DATA ELEMENTS
- fixed length control field: 171027|| aca||aabn | a|a d
040 ## - CATALOGING SOURCE
- Original cataloging agency: NUST
- Transcribing agency: NUST
110 ## - HEADING--CORPORATE NAME
- Corporate name or jurisdiction name as entry element: Jamia Millia Islamia (India).
- Subordinate unit: Department of History and Culture.
670 ## - SOURCE DATA FOUND
- Source citation: Work cat.: (NUST)0: National Seminar on Shah-e-Hamedan Mir Saiyid Ali Hamedani (2001 : Department of History, Jamia Millia Islamia) 5699, Shah-i-Hamedan aur Allama Iqbal /, 1958
